[Event "EICC 2019"]
[Site "Skopia"]
[Date "2019.03.22"]
[Round "5.39"]
[White "Thybo, Jesper Sondergaard"]
[Black "Tomashevsky, Evgeny"]
[Result "0-1"]
[WhiteElo "2525"]
[BlackElo "2705"]
[Annotator "TA"]
[PlyCount "94"]
[EventDate "2019.03.18"]
[EventType "swiss"]
[EventCountry "MKD"]
[SourceTitle "playchess.com"]
[Source "ChessBase"]
[SourceQuality "1"]

{[%evp 17,94,37,48,48,46,48,43,37,56,47,52,50,52,29,35,21,33,20,48,10,2,10,0,4,10,0,0,0,0,0,0,0,0,-11,-13,-17,-35,-16,-14,-12,-18,-69,-74,-105,-89,-129,-121,-245,-241,-234,-243,-235,-200,-679,-679,-676,-674,-674,-674,-662,-645,-614,-528,-837,-831,-2078,-1972,-29972,-29973,-29972,-29972,-29974,-29975,-29980,-29981,-29981,-29982,-29979,-29977]} 1. d4 e6 2. c4 Bb4+ 3. Bd2 a5 4. Nf3 d5 5. Qc2 Nf6 6. g3 Nc6 7. Bg2 dxc4 8. Qxc4 Qd5 9. Qd3 Qe4 10. Qxe4 {E11: Bogo-Indian} Nxe4 11. e3 Bd7 (11... O-O 12. a3 Bd6 13. Nc3 Nxd2 14. Nxd2 e5 15. d5 Ne7 16. Nc4 Bd7 17. Ne4 Ra6 {1-0 (42) Lenderman,A (2693)-Kekelidze,M (2594) Holtsville 2014}) 12. O-O {White is slightly better.} Ke7 13. Rc1 Nxd2 14. Nbxd2 a4 $146 ({Predecessor:} 14... Rhc8 15. Ne4 a4 16. Ne1 Bxe1 17. Rxe1 b6 {½-½ (53) Cernousek,L (2455)-Michenka,J (2323) Pardubice 2015}) 15. a3 Bd6 16. Nc4 f6 17. Nfd2 Rhb8 18. Nxd6 cxd6 19. d5 exd5 20. Bxd5 Ra5 21. Bc4 Ne5 22. Be2 Rd5 23. Nf3 Nxf3+ 24. Bxf3 Rc5 25. Rc3 b5 {[%cal Bb7b5,Bb5b4][%mdl 32]} 26. Rac1 b4 $36 {[%mdl 2048] Black has good play.} 27. Rxc5 dxc5 28. Rxc5 bxa3 29. bxa3 $15 {[%mdl 4096] Endgame KRB-KRB} Rb3 30. Kg2 Rxa3 31. Rc4 Rd3 32. Bc6 (32. Be4 $17 Rd2 33. Rc3) 32... Bxc6+ $1 $19 33. Rxc6 {[#] KR-KR} Rd6 $1 {[%cal Rd6c6]} 34. Rc2 Ra6 {...a3 is the strong threat.} 35. e4 $2 (35. Kf3) 35... a3 36. Ra2 {[#]} Kd6 $1 {[%cal Rd6c5]} 37. f4 Kc5 38. Kf3 Kb4 39. e5 f5 40. Ke3 Kc3 41. g4 g6 42. Kf3 Kb3 {Black mates.} 43. Ra1 a2 44. Kg3 Kb2 45. Rxa2+ Kxa2 46. gxf5 gxf5 47. Kh4 Rg6 {Accuracy: White = 36%, Black = 85%.} 0-1

[Event "EICC 2019"]
[Site "Skopia"]
[Date "2019.03.22"]
[Round "5.40"]
[White "Korobov, Anton"]
[Black "Nasuta, Grzegorz"]
[Result "1-0"]
[WhiteElo "2686"]
[BlackElo "2517"]
[Annotator "TA"]
[PlyCount "83"]
[EventDate "2019.03.18"]
[EventType "swiss"]
[EventCountry "MKD"]
[SourceTitle "playchess.com"]
[Source "ChessBase"]
[SourceQuality "1"]

{[%evp 12,83,42,0,0,-1,-7,0,-5,-20,0,0,0,-27,22,-61,28,22,27,23,35,25,48,27,95,95,106,110,197,182,204,202,206,206,206,205,206,205,191,198,192,192,192,192,193,184,187,183,191,185,219,219,223,208,220,220,239,228,292,221,707,458,985,1380,1167,1217,927,1070,2293,2293,1863,1709,29990,29991]} 1. Nf3 Nf6 2. c4 c5 3. Nc3 d5 4. cxd5 Nxd5 5. g3 g6 6. Bg2 Nc6 {[%cal Bb8c6,Bc6a5,Ba5b3][%mdl 32]} 7. Qb3 Ndb4 {A34: Symmetrical English: 2 Nc3, lines with ...d5} (7... e6 8. O-O Bg7 9. Qb5 Qb6 10. Qc4 O-O 11. d3 Nxc3 12. bxc3 Na5 13. Qh4 Bd7 14. Bf4 f6 15. Rab1 {½-½ (42) Almasi,Z (2682)-Piorun,K (2634) Germany 2019}) 8. a3 Na5 $1 {[%cal Ra5b3]} 9. Qd1 Nbc6 {The position is equal.} 10. Ne4 $146 ({Predecessor:} 10. b4 cxb4 11. axb4 Nxb4 12. Qa4+ Nbc6 13. Ne5 Bg7 14. Nxc6 Nxc6 15. Bxc6+ bxc6 16. Qxc6+ Bd7 17. Qe4 O-O 18. O-O Bf5 {½-½ (18) Panno,O (2550)-Kavalek,L (2545) Biel 1977}) 10... Bg7 11. Nxc5 Qd5 12. Nd3 Nb3 13. Rb1 (13. Nf4 $1 $11 Qc4 14. d3) 13... Qc4 (13... Qb5 $15 14. Nb4 Nxb4 15. axb4 Qxb4) 14. Nf4 $1 $11 Nxc1 15. Rxc1 Qa2 16. O-O O-O 17. Rc2 Bf5 (17... Rd8 $1 $11) 18. d3 $16 Rad8 {Black wants to play ...e5.} 19. Qc1 $1 e5 (19... Rc8 $16 {was necessary.}) 20. b4 $36 {[%mdl 2048] White is in control.} Qb3 21. Nd2 Qa4 22. Bxc6 bxc6 {[#]} 23. Rc5 $1 Qa6 {[#]} 24. Ng2 $1 (24. Rxc6 $6 Qb7 $16) 24... e4 25. Rxc6 Qa4 26. Nxe4 Bxe4 27. dxe4 Bb2 28. Qc4 ({Resist} 28. Qxb2 $6 Qxc6 29. f3 Rc8 $16) 28... Bxa3 29. b5 Qxc4 30. Rxc4 Rd2 31. Nf4 Bd6 32. e3 Rb2 33. Ra1 Bxf4 34. gxf4 {[%mdl 4096] Endgame KRR-KRR} Rd8 35. e5 Rdd2 $2 (35... Rd7 36. Rd4 Rc7) 36. e6 {Threatens to win with e7.} Rxf2 (36... Rd8 $142 37. Rxa7 Rxb5 38. Rxf7 Re8) 37. Rxa7 Rg2+ 38. Kf1 Kg7 39. exf7 Rbf2+ 40. Ke1 Re2+ 41. Kd1 Rxe3 42. Rc8 {Accuracy: White = 70%, Black = 30%.} 1-0

[Event "EICC 2019"]
[Site "Skopia"]
[Date "2019.03.22"]
[Round "5.41"]
[White "Nisipeanu, Liviu-Dieter"]
[Black "Sanal, Vahap"]
[Result "1-0"]
[WhiteElo "2670"]
[BlackElo "2511"]
[Annotator "TA"]
[PlyCount "77"]
[EventDate "2019.03.18"]
[EventType "swiss"]
[EventCountry "MKD"]
[SourceTitle "playchess.com"]
[Source "ChessBase"]
[SourceQuality "1"]

{[%evp 18,77,20,25,29,22,15,8,8,11,15,20,19,0,81,82,60,110,114,76,109,118,173,178,188,182,197,188,210,194,203,187,379,369,394,333,317,324,345,320,313,309,408,364,457,463,585,573,664,685,722,709,718,718,711,709,683,652,772,666,3628,2744]} 1. e4 {Fernandez,D} e5 2. Nf3 Nc6 3. Bb5 a6 4. Ba4 Nf6 5. d3 b5 6. Bb3 Bc5 7. c3 d6 8. Bg5 {[%cal Bc1g5,Bg5h4,Bh4g3][%mdl 32] C77: Ruy Lopez: 3...a6 4 Ba4 Nf6, unusual lines} h6 9. Bh4 g5 10. Bg3 {LiveBook: 6 Games. The position is equal.} Ba7 11. Nbd2 Na5 12. Bc2 Nh5 13. b4 $146 ({Predecessor:} 13. a4 b4 14. cxb4 Nc6 15. b5 Nb4 {1-0 (53) Anand,V (2767)-Matlakov,M (2718) Wijk aan Zee 2018 CBM 183 [Fernandez,D]}) 13... Nc6 14. Bb3 Nxg3 15. hxg3 Be6 (15... Qf6 $11) 16. Bd5 $36 {[%mdl 2048] Keeping Black busy.} Bxd5 17. exd5 Ne7 18. Nxg5 $1 Nxd5 19. Nge4 Ne7 (19... c6 $16) 20. Nf6+ $18 Kf8 21. Qf3 d5 22. a4 Qd6 23. axb5 axb5 24. Ke2 c6 $2 (24... Kg7 {was worth a try.}) 25. Ra6 Nc8 26. Rha1 Ke7 27. Nh5 {[%cal Bf6h5,Bh5g3,Bg3f5,Bf5h4][%mdl 32]} Rg8 28. g4 Rg6 29. Ng3 {[#] And now Nf5+ would win.} Qd7 30. Nb3 Kf8 31. Nc5 {White is clearly winning.} Qc7 32. Nf5 Rb8 33. Nh4 Rd6 34. Qf5 {Strongly threatening Rxa7!} Kg8 {[#]} 35. Rxa7 $1 {[%mdl 512]} Nxa7 (35... Qxa7 36. Rxa7) 36. Na6 Qd8 37. Nxb8 Qxb8 38. Qh5 Kf8 39. g5 {Precision: White = 94%, Black = 48%.} 1-0

[Event "EICC 2019"]
[Site "Skopia"]
[Date "2019.03.22"]
[Round "5.42"]
[White "Safarli, Eltaj"]
[Black "Sivuk, Vitaly"]
[Result "1/2-1/2"]
[WhiteElo "2662"]
[BlackElo "2514"]
[Annotator "TA"]
[PlyCount "87"]
[EventDate "2019.03.18"]
[EventType "swiss"]
[EventCountry "MKD"]
[SourceTitle "playchess.com"]
[Source "ChessBase"]
[SourceQuality "1"]

{[%evp 9,87,12,12,14,18,10,15,0,50,31,50,58,62,-4,-10,-288,-308,-352,-141,-349,-349,-336,-340,-430,-359,-344,-301,-307,-224,-172,-223,-230,-228,-222,-223,-225,-224,-186,-142,-137,-95,-93,-85,-119,-113,-110,-76,-108,-68,-68,-68,-68,-68,-121,-120,-161,-134,-125,-39,-57,-45,-55,-67,-233,-110,-477,-477,-470,-470,-381,0,0,0,-8,-8,-8,-8,-8,-8,-8]} 1. e4 e6 2. d4 d5 3. Nd2 Be7 4. Ngf3 Nf6 5. exd5 (5. e5 Nfd7 6. c3 c5 7. Bd3 b6 8. O-O Ba6 9. Bxa6 Nxa6 10. Qe2 Nab8 11. c4 dxc4 12. Nxc4 O-O 13. Qe4 Na6 {½-½ (45) Movsesian,S (2629)-Caruana,F (2828) chess.com INT 2019}) 5... exd5 6. Bd3 {C03: French Tarrasch: Unusual Black 3rd moves} Bg4 7. c3 O-O 8. Qb3 c5 $146 ({Predecessor:} 8... Nbd7 9. Qxb7 c5 10. h3 cxd4 11. cxd4 Rb8 12. Qxa7 Ra8 13. Qb7 Rb8 {1-0 (38) Baer,W-Gaut Vel Hartman,S CServe email 2000}) 9. Qxb7 Bc8 10. Qxa8 Qb6 11. dxc5 ({Better is} 11. Nc4 $1 $14 dxc4 12. Be4 (12. Bxc4 $2 Bb7 $19)) 11... Bxc5 $11 12. b4 $2 {[%mdl 8192]} (12. O-O $11 {and White stays safe.} Bb7 13. Qxb7 Qxb7 14. Nb3) 12... Bxf2+ $19 13. Kf1 Be3 (13... Re8 $19 14. Nb3 Ba6) 14. c4 $2 (14. a4 $17 {was called for.} Bb7 {[%mdl 64] Trapped Piece} 15. Nc4 (15. a5 $2 Qc7 $19) 15... dxc4 16. Bxe3 (16. a5 $2 Qd8 $19) 16... Qxe3 17. Bxh7+ Kxh7 18. Qxb7) 14... Ba6 15. a4 Nbd7 16. a5 Qc7 (16... Rxa8 $2 {perishes.} 17. axb6 axb6 18. Bb2 $18) 17. Qxf8+ Nxf8 18. b5 dxc4 19. Nxc4 Bxb5 20. Bxe3 Bxc4 21. Bxc4 Qxc4+ 22. Kg1 a6 23. h3 Nd5 24. Rc1 Qe4 25. Bd2 Nf4 {aiming for ...Ne2+.} 26. Bxf4 Qxf4 27. Kf2 Qb4 28. Rc8 g6 ({And not} 28... Qxa5 29. Rd1 $16) 29. Re1 Kg7 $1 30. Rc7 $1 Qxa5 31. Ree7 (31. Rb7 $15) 31... Qf5 $17 32. g4 Qf4 33. Ra7 {[#]} Qf6 (33... h5 $1 $17 34. g5 Qf5) 34. g5 $15 Qf5 35. Re5 $1 {[%cal Re5f5]} Qxh3 36. Rxa6 $2 (36. Ree7 $15) 36... Ne6 (36... Qd7 $19 {is more deadly. Hoping for ...Ne6.} 37. Raa5 Qc7) 37. Ra7 $2 {[%mdl 8192] [#]} (37. Ra4 $17 Nd8 38. Re7) 37... Nd4 $1 $19 {[%mdl 512]} 38. Re3 {Black must now prevent Rxf7+!} (38. Nxd4 Qh2+) 38... Qf5 {And now ...Nxf3 would win.} 39. Rc7 Nxf3 $2 ({Black should play} 39... Qa5 $19 40. Rd7 Qa2+ 41. Kg1 Qb1+ 42. Kf2 Qb2+ 43. Kg1 Nf5) 40. Rxf3 $11 {The position is equal.} Qd5 41. Rfxf7+ Qxf7+ 42. Rxf7+ Kxf7 43. Kf3 Ke7 {Strongly threatening ...Kd6.} 44. Ke3 $1 {Accuracy: White = 54%, Black = 61%.} 1/2-1/2

[Event "EICC 2019"]
[Site "Skopia"]
[Date "2019.03.22"]
[Round "5.43"]
[White "Edouard, Romain"]
[Black "Enchev, Ivajlo"]
[Result "0-1"]
[WhiteElo "2658"]
[BlackElo "2490"]
[Annotator "TA"]
[PlyCount "96"]
[EventDate "2019.03.18"]
[EventType "swiss"]
[EventCountry "MKD"]
[SourceTitle "playchess.com"]
[Source "ChessBase"]
[SourceQuality "1"]

{[%evp 10,96,-4,-10,0,-4,27,29,24,28,21,20,60,70,64,66,74,17,0,0,0,0,5,0,0,0,0,-5,0,0,0,-8,18,-50,-42,-57,0,0,0,0,0,0,0,-139,-138,-141,-131,-147,-164,-329,-307,-341,-322,-314,-313,-419,-412,-454,-439,-431,-389,-337,-168,-168,-168,-169,-174,-248,-226,-378,-359,-421,-401,-400,-351,-400,-409,-491,-494,-1179,-1169,-1936,-1931,-29968,-29970,-29970,-29970,-29991,-29992]} 1. Nf3 Nf6 2. c4 e6 3. Nc3 d5 4. d4 a6 5. Bg5 dxc4 6. a4 {LiveBook: 44 Games} h6 {D24: Queen's Gambit Accepted: 3 Nf3 Nf6 4 Nc3} (6... Nc6 7. e4 Na5 8. Qc2 Be7 9. Rd1 h6 10. Bxf6 Bxf6 11. e5 Be7 12. d5 O-O 13. dxe6 Qe8 14. exf7+ Qxf7 {½-½ (49) Mamedyarov,S (2817)-Anand,V (2773) Kolkata 2018}) 7. Bh4 Bb4 8. e3 c5 {White has an edge.} 9. Bxc4 cxd4 10. exd4 b6 $146 ({Predecessor:} 10... O-O 11. O-O Nc6 12. Rc1 Be7 13. Re1 Bd7 {0-1 (56) Gao,Z (1429)-Xu,Y (2542) Qinhuangdao 2017}) 11. O-O O-O 12. Qe2 Bb7 13. Rad1 (13. Ne5 $16) 13... Bxc3 $1 $11 14. bxc3 Nbd7 15. Ne5 Qc7 16. Nxd7 Nxd7 17. Bg3 Qc8 18. Rc1 Qc6 $40 {[%csl Gb7][%cal Rc6g2][%mdl 128] Black has some attack.} 19. f4 Rfe8 20. Bb3 b5 21. a5 (21. Qa2 $11) 21... Nf6 $15 22. c4 Qd6 ({Black should play} 22... Qd7 $15) 23. Qb2 $11 Ne4 24. c5 Qd7 25. f5 Bd5 {And now ...Bxb3 would win.} ({But not} 25... exf5 26. d5 $1 $17 {[%mdl 512]}) 26. Be5 (26. c6 $11 {keeps the balance.} Bxc6 27. fxe6 fxe6 28. Be5) 26... exf5 $17 27. c6 Qe6 $1 ({Don't do} 27... Bxc6 28. Bxg7 $1 {[%mdl 512]} Bd5 29. Bxd5 $15) 28. Bxd5 Qxd5 29. h4 $2 (29. Qc2) 29... f6 30. Bh2 Rac8 31. c7 g5 32. Rfd1 f4 33. Qa3 Kg7 34. Qf3 Qd6 35. Qg4 Qe6 (35... Rxc7 36. Bxf4 $1 {[%mdl 512]} Rxc1 37. Bxd6 $16) (35... f5 $142 36. Bxf4 Qf6 37. hxg5 hxg5 38. Bxg5 fxg4 39. Bxf6+ Kxf6 40. Rc6+ Re6) 36. Qxe6 $19 Rxe6 37. d5 Rd6 38. Rc6 (38. Rd4 {keeps fighting.} f5 39. hxg5 hxg5 40. Kf1) 38... Kf7 {...Rxc6 is the strong threat.} 39. Rxd6 $2 (39. Rb6 Rxc7 40. Re1 Rxb6 41. axb6) 39... Nxd6 {[%mdl 4096] Endgame KRB-KRN} 40. g3 g4 (40... Rxc7 $2 41. gxf4 gxh4 {[#]} 42. f5 $1 $19 {[%mdl 512]}) 41. gxf4 f5 42. Rc1 Nc4 43. Re1 Rxc7 44. Re6 (44. Rd1 $142 Rb7 45. Rc1) 44... b4 {[%cal Bb5b4,Bb4b3,Bb3b2][%mdl 32]} 45. Rxh6 Kg7 46. Rxa6 b3 {Black mates.} 47. Ra8 Rb7 48. a6 {[#]} b2 $1 {[%mdl 512] Precision: White = 41%, Black = 74%.} 0-1

[Event "EICC 2019"]
[Site "Skopia"]
[Date "2019.03.22"]
[Round "5.44"]
[White "Parligras, Mircea-Emilian"]
[Black "Goryachkina, Aleksandra"]
[Result "1/2-1/2"]
[WhiteElo "2657"]
[BlackElo "2504"]
[Annotator "TA"]
[PlyCount "109"]
[EventDate "2019.03.18"]
[EventType "swiss"]
[EventCountry "MKD"]
[SourceTitle "playchess.com"]
[Source "ChessBase"]
[SourceQuality "1"]

{[%evp 23,109,15,27,0,0,0,0,0,33,39,27,29,32,22,33,9,22,27,25,8,10,12,28,0,3,-33,-27,-33,0,0,0,0,0,0,36,2,1,-8,-8,-8,-8,-8,-8,-25,-19,-37,-37,-54,0,0,0,0,0,0,0,0,0,0,0,0,0,0,0,0,0,0,0,0,0,0,0,0,0,0,0,0,0,0,0,0,0,0,0,0,0,0,0,0]} 1. d4 d5 2. c4 c6 3. Nc3 Nf6 4. e3 e6 {[%cal Be7e6,Be6e5][%mdl 32]} 5. Nf3 Nbd7 6. Qc2 Bd6 7. Be2 O-O 8. O-O dxc4 9. Bxc4 e5 10. h3 Qe7 11. a3 Bc7 12. Ba2 h6 {LiveBook: 19 Games} 13. b4 {D46: Semi-Slav: 5 e3 Nbd7 6 Bd3, Black avoids the Meran} (13. Bd2 a5 14. Nh4 Re8 15. Nf5 Qf8 16. Rae1 Nb6 17. dxe5 Rxe5 18. Nd4 Rc5 19. f4 Nc4 20. Bc1 b5 {0-1 (35) Epishin,V (2640)-Akopian,V (2625) Ljubljana 1995}) 13... Re8 14. dxe5 Nxe5 15. Nd4 Kh8 16. Bb2 Ng6 {Black wants to play ...Qd6.} 17. Rae1 $146 ({Predecessor:} 17. Nce2 Ne4 18. Nf3 Nh4 19. Nxh4 Qxh4 20. Ng3 Bxh3 21. gxh3 Qxh3 {1-0 (46) Kolanek,R (2075)-Broniek,M (1606) LSS email 2011}) 17... a5 18. b5 Nh4 19. f4 c5 20. Nf3 Bf5 21. e4 (21. Qc1 {with more complications.} Nxf3+ 22. Rxf3 Rad8 23. e4 c4 24. Bb1) 21... Nxf3+ 22. Rxf3 Rad8 ({Wrong is} 22... Bxe4 $2 23. Nxe4 Nxe4 24. Bd5 $16) 23. Re2 Bh7 24. f5 Be5 25. Kh1 Bg8 26. Nd5 Nxd5 27. exd5 f6 28. Bxe5 fxe5 29. f6 {[%mdl 64] [#] Decoy} gxf6 30. Qg6 (30. Qc1 {looks sharper.} Qf8 31. Ref2 Rd6 32. Qxc5 Bh7 33. Rc3) 30... Qg7 31. Rxf6 Qxg6 32. Rxg6 Bxd5 33. Bxd5 Rxd5 34. Rxh6+ $11 {[%mdl 4096] Endgame KRR-KRR} Kg7 35. Rh4 Rd4 (35... Rd3 $15) 36. Rh5 {The position is equal.} Kf6 37. g4 c4 38. Rf5+ Kg6 39. Rfxe5 Rxe5 40. Rxe5 {KR-KR} Rd3 41. Kg2 Rxa3 42. h4 {[%cal Bh3h4,Bh4h5,Bh5h6][%mdl 32]} Rd3 43. h5+ Kh6 44. Re6+ Kg5 45. Rg6+ Kf4 {aiming for ...a4.} 46. h6 Rd8 {Strongly threatening ...c3.} 47. h7 {[#] Black must now prevent Rg8.} Rh8 48. Rg7 c3 49. Rxb7 {Black should prevent Rc7.} c2 50. Rc7 Rxh7 51. Rc4+ Kg5 52. Rxc2 Rb7 53. Rc5+ Kxg4 54. b6 Rxb6 55. Rxa5 {Accuracy: White = 71%, Black = 71%.} 1/2-1/2

[Event "EICC 2019"]
[Site "Skopia"]
[Date "2019.03.22"]
[Round "5.45"]
[White "Quparadze, Giga"]
[Black "Kuzubov, Yuriy"]
[Result "1/2-1/2"]
[WhiteElo "2501"]
[BlackElo "2644"]
[Annotator "TA"]
[PlyCount "127"]
[EventDate "2019.03.18"]
[EventType "swiss"]
[EventCountry "MKD"]
[SourceTitle "playchess.com"]
[Source "ChessBase"]
[SourceQuality "1"]

{[%evp 15,127,5,18,-14,20,2,-5,0,4,2,1,0,0,0,6,-14,-19,-3,0,0,-15,-29,-11,-32,31,0,9,8,19,16,16,17,30,6,6,8,19,2,75,76,66,51,70,74,81,-21,-8,-16,0,0,0,0,2,3,6,15,29,32,49,33,33,33,33,33,31,29,31,29,24,35,41,0,34,35,29,22,36,11,11,12,7,11,90,69,123,134,128,0,0,0,0,0,0,0,0,0,0,0,0,-8,0,0,0,0,20,0,0,0,0,0,0,0,0,0]} 1. e4 c5 2. Nf3 d6 3. d4 cxd4 4. Nxd4 Nf6 5. Nc3 a6 6. Nb3 Nc6 7. Bg5 e6 8. f4 Be7 9. Qf3 {B96: Sicilian Najdorf: 6 Bg5 e6 7 f4, lines other than 7...Qb6 and 7...Be7} h6 10. Bxf6 Bxf6 11. O-O-O {Threatening e5!} Qc7 12. Kb1 (12. g4 g5 13. e5 dxe5 14. Ne4 Be7 15. f5 Bd7 16. f6 Bf8 {1-0 (49) Nesterets,A (2408)-Pavlov,M (2383) Alushta 2010}) 12... Bd7 13. g4 O-O-O 14. h4 Kb8 15. Bg2 $146 ({Predecessor:} 15. g5 Be7 16. Bg2 Rc8 17. Qd3 g6 18. Nd4 {0-1 (31) Shankar,B-Booth,S (2078) Ballarat 2000}) 15... g6 16. h5 Bg7 17. hxg6 fxg6 18. Qe3 Rhe8 19. Ne2 d5 ({Don't play} 19... Nb4 $6 20. Qd2 $16) ({Better is} 19... g5 $15) 20. Qg3 Ne7 21. g5 h5 22. e5 Nf5 23. Qf2 Bb5 {next ...Bxe2 is good for Black.} 24. Ned4 Nxd4 25. Nxd4 Bf8 26. Qd2 Bc5 (26... Ba4 $11 {remains equal.}) 27. Nxb5 $16 axb5 28. Qd3 Qf7 29. Qxb5 Ba7 30. c4 (30. Rdf1 $16) 30... Qf5+ $11 31. Ka1 {[%cal Rc4d5]} Qc2 32. Bh3 {[%cal Rc4d5]} dxc4 33. Rc1 Qe4 (33... Qd2 {feels hotter.} 34. a3 Be3 35. Rxc4 Qd5 36. Qxd5 exd5 37. Rb4 Bd2) 34. Qxc4 Qxc4 35. Rxc4 Rd2 36. Kb1 Be3 37. Re1 Bf2 38. Rf1 Bg3 39. Rf3 h4 40. a4 Re7 41. Ka2 Rh2 42. Bg4 Rg2 43. Rd3 Be1 44. Bf3 $36 {[%mdl 2048] White has some pressure.} Rd2 45. Rb3 Rf2 46. Rc5 h3 47. Rcb5 Rxf3 $1 48. Rxf3 {[%mdl 4096] Endgame KRR-KRB} Rh7 (48... h2 $1 $11 {keeps the balance.} 49. Rh3 Bg3) 49. Rf1 $16 Bg3 (49... Bd2 $14) 50. Rb3 Bxf4 51. Rbf3 ({White should play} 51. Rxf4 $16 h2 52. Rf1) 51... Bxe5 $11 {The position is equal.} 52. Re3 Bc7 $1 53. Rxe6 h2 54. Rh1 Rh4 55. Rxg6 Rxa4+ 56. Kb3 Rg4 {[#] White must now prevent ...Rg1.} 57. Ra1 Rg3+ 58. Ka2 Rg1 {Strongly threatening ...Rxa1+.} 59. Rh6 Rxg5 {...Rg1 is the strong threat.} 60. Rc1 Bf4 {[#] Threatens to win with ...Ra5+.} 61. Rh8+ Ka7 62. Rc2 Rg1 63. Rcxh2 Bxh2 64. Rxh2 {Accuracy: White = 54%, Black = 50%.} 1/2-1/2

[Event "EICC 2019"]
[Site "Skopia"]
[Date "2019.03.22"]
[Round "5.46"]
[White "Kobalia, Mikhail"]
[Black "Zajic, Milan"]
[Result "0-1"]
[WhiteElo "2627"]
[BlackElo "2485"]
[Annotator "TA"]
[PlyCount "142"]
[EventDate "2019.03.18"]
[EventType "swiss"]
[EventCountry "MKD"]
[SourceTitle "playchess.com"]
[Source "ChessBase"]
[SourceQuality "1"]

{[%evp 32,142,29,6,21,0,0,10,17,21,4,0,0,0,0,0,-13,-21,-9,-14,-27,-15,-20,-16,13,7,42,0,0,0,0,-11,-11,-11,-11,-11,-11,-22,-4,-47,-39,-56,-12,-58,0,0,0,0,0,0,0,0,0,0,0,-16,0,-39,0,0,0,0,0,0,0,0,0,0,23,0,11,0,0,-7,0,0,17,0,42,0,8,0,0,-17,0,-50,-74,-58,0,-8,0,0,0,0,0,0,29,26,31,-239,-238,-5385,-5097,-2289,-2436,-29974,-29972,-29967,-29968,-6692,-6403,-29997,-306]} 1. e4 e5 2. Nf3 Nc6 3. Bb5 a6 4. Ba4 Nf6 5. O-O Be7 6. d3 d6 7. c3 O-O 8. Re1 Re8 9. Nbd2 Bf8 10. Nf1 b5 11. Bc2 Nb8 12. d4 Nbd7 13. Ng3 Bb7 14. b3 g6 15. h3 exd4 {C95: Closed Ruy Lopez: Breyer Variation with 10 d4} 16. cxd4 c5 17. d5 {[#] LiveBook: 15 Games} a5 $146 {The position is equal.} ({Predecessor:} 17... Bg7 18. Rb1 Rc8 19. Bf4 Ne5 20. Nxe5 dxe5 21. Be3 Re7 22. a4 Ne8 23. axb5 axb5 {½-½ (110) Leko,P (2693)-Jumabayev,R (2611) Doha 2016}) 18. a4 b4 19. Bd3 Ba6 20. Bxa6 Rxa6 21. Bb2 Nb6 22. Qd3 Ra8 23. Nd2 Bg7 24. Qc2 Nfd7 25. Bxg7 Kxg7 26. Ngf1 Qf6 27. Ne3 h5 28. Rad1 Re7 29. Qb1 Ne5 30. Rf1 {[#] Hoping for f4.} Qf4 31. Qa1 h4 32. Nec4 Nbxc4 33. Nxc4 Ra6 34. Rfe1 Kg8 {White should prevent ...Nxc4.} 35. Nd2 Ra8 36. Re3 Rae8 37. Rde1 {[#]} Rb8 (37... c4 $1 $15 {[%mdl 512]} 38. bxc4 Rc7) 38. Qd1 $11 Rbb7 39. Qe2 Rb6 40. Rf1 Kg7 41. g3 hxg3 42. fxg3 Qg5 43. Rf4 Re8 44. Qf1 Kg8 45. h4 Qe7 46. Kg2 Rbb8 47. Re1 Kg7 48. Qe2 Rh8 49. Ref1 Rhf8 50. R1f2 Rbc8 51. Qf1 Rc7 52. Qa1 Kg8 53. Qf1 $1 Kg7 54. Qe2 Rcc8 55. Rf1 Rc7 56. Rc1 Rfc8 57. Rf2 Qd7 58. h5 Rh8 59. Rh1 Rcc8 (59... Qg4 $15 60. Qa6 Rd7) 60. Rf4 Rh6 61. Nf3 Rch8 62. Nxe5 dxe5 63. Rfh4 g5 64. R4h2 c4 65. Qxc4 $2 {[%mdl 8192]} (65. bxc4 $14 {keeps the upper hand.} Qxa4 66. c5) 65... Qg4 $19 66. Re1 $2 (66. Qd3 Rc8 67. Re1) 66... Rxh5 67. Rxh5 Qxh5 ({Not} 67... Rxh5 68. Qf1 $15) 68. Rg1 Qh2+ 69. Kf1 Rh6 70. Qc5 Qd2 {( -> ...Rf6+)} 71. Rg2 Qd1+ {Precision: White = 42%, Black = 55%.} 0-1